000 00304 a2200157 4500
001 158698
020 _a
040 _cMagnum
100 _a-
240 1 0 _aAlmanaque abril - 2004
_lpor
245 1 0 _aAlmanaque abril - 2004
362 0 _a1899
440 1 _aAbril
697 _aCOLECAO
942 _cBK
999 _c158698
_d158698